000 00543nam a22001691c 4500
001 a987654739
008 061128s1995 gw |||| 000u rus d
041 _arus
245 0 0 _aIntelligencija. Obščestvo. Vlast'. :
_bopyt vzaimootnošenij (1917 - konec 1930-x g.g.) ; sbornik naučnych trudov
264 _aNovosibirsk,
_c1995
300 _a113 S.
700 1 _aKrasil'nikov, Sergej A.
_eHerausgeberIn
710 2 _aRossijskaja Akademija nauk / Institut istorii <Novosibirsk>
942 _cMG
040 _cRU-10907106
003 RU-10907106
999 _c12844
_d12844